000 00544nam a2200217 a 4500
001 nice12345678
003 IN_TiNIC
005 20260116014313.0
008 070411s2006 dela grp 000 0 eng
020 _a
_c5
082 0 0 _a346.01
_bMAT
100 _aMathew, P D
245 _aRight of Wif, Children and Parents for Maintenance
260 _aDelhi
_bIndian Social Institute
_c2006
300 _a10p
500 _aincludes index and biblioraphy
650 _aLaw-Maintenance
902 _bSRS
942 _cBK
999 _c14724
_d14724